Návrh montáže potrubia

Enregistré dans:
Détails bibliographiques
Auteur principal: Paluš, Tomáš (Auteur)
Autres auteurs: Václav, Štefan (Directeur de thèse)
Format: Manuscrit Livre
Langue:slovaque
Publié: 2020
Sujets:
Accès en ligne:http://is.stuba.sk/zp/portal_zp.pl?podrobnosti=141631
Tags: Ajouter un tag
Pas de tags, Soyez le premier à ajouter un tag!

MARC

LEADER 00000ntm a22000003a 4500
001 stuzp78575
003 SK-STU
005 20200718211012.7
007 ta
008 150427s2015----xo-----f-mn---000-0-slo-d
040 |a STU  |b slo 
041 0 |a slo 
100 1 |a Paluš, Tomáš  |u 063000  |4 aut  |U MTF Materiálovotechnologická fakulta  |T MTF Ústav výrobných technológií  |X 91668  |U M3000  |Y 83  |7 91668 
242 0 1 |a Design of piping assembly  |y eng 
245 1 0 |a Návrh montáže potrubia 
260 |c 2020 
650 4 |a potrubie  |2 slo 
650 4 |a montáž  |2 slo 
650 4 |a návrh  |2 slo 
650 4 |a assembly  |2 eng 
650 4 |a pipeline  |2 eng 
650 4 |a proposal  |2 eng 
700 1 |a Václav, Štefan  |u 063600  |k Z1  |4 ths  |U MTF Ústav výrobných technológií  |T MTF Katedra obrábania a tvárnenia  |X 2778  |U M3600  |Y 841  |7 A000002778 
856 4 |u http://is.stuba.sk/zp/portal_zp.pl?podrobnosti=141631 
996 |c M* BP-8936  |l MMSKP  |s P  |a 0  |w stuzp78575_0001